Tilastot visalle Pohjanmaan kunnat

Klikkaa tästä pelataksesi tätä visaa!

Yleistilastot

  • Tätä visaa on pelattu 64 kertaa
  • Keskiarvotulos 10 / 14

Vastaustilastot

KuntamuotoNimi% Oikein
maakunnan pääkaupunkiVaasa
100%
kaupunkiUusikaarlepyy
83%
kuntaMustasaari
78%
kaupunkiNärpiö
78%
kuntaPedersöre
78%
kaupunkiKristiinankaupunki
74%
kaupunkiPietarsaari
74%
kuntaVöyri
74%
kuntaKruunupyy
65%
kuntaMaalahti
65%
kuntaKorsnäs
61%
kuntaLaihia
61%
kuntaLuoto
61%
kaupunkiKaskinen
39%

Tulosjakauma

Persentiili vastausten määrän mukaan

Jokaisen tuloksen saaneiden osuus

Tuloshistoriasi

Et ole pelannut tätä visaa